| 000 | 00714cam a2200217 a 4500 | ||
|---|---|---|---|
| 008 | |||
| 020 | _a0521496705 (hbk.) | ||
| 049 | _aMAIN | ||
| 090 |
_aTA357 _bKLE |
||
| 100 | 1 | _aKleinstreuer, C. | |
| 245 | 1 | 0 |
_aEngineering fluid dynamics : _ban interdisciplinary systems approach / _cClement Kleinstreuer. |
| 260 |
_aCambridge, United Kingdom ; _aNew York : _bCambridge University Press, _c1997. |
||
| 300 |
_axxi, 534 p. : _bill. ; _c26 cm. |
||
| 504 | _aIncludes bibliographical references and index. | ||
| 650 | 0 | _aFluid dynamics. | |
| 907 |
_a.b10027506 _b17-10-13 _c17-04-03 |
||
| 003 | |||
| 005 | 20230123133547.0 | ||
| 040 | _cNUST | ||
| 942 |
_cBOOKS _kTA357 _mKLE |
||
| 999 |
_c150726 _d150726 |
||